<?xml version="1.0" encoding="UTF-8"?>
<record
    xmlns:xsi="http://www.w3.org/2001/XMLSchema-instance"
    xsi:schemaLocation="http://www.loc.gov/MARC21/slim http://www.loc.gov/standards/marcxml/schema/MARC21slim.xsd"
    xmlns="http://www.loc.gov/MARC21/slim">

  <leader>04750cam a2200433 i 4500</leader>
  <controlfield tag="001">8650175</controlfield>
  <controlfield tag="003">CaAEU</controlfield>
  <controlfield tag="005">20260304105427.0</controlfield>
  <controlfield tag="006">m     o  d        </controlfield>
  <controlfield tag="007">cr cnu---unuuu</controlfield>
  <controlfield tag="008">181016t20192019enk     obm   001 0 eng  </controlfield>
  <datafield tag="010" ind1=" " ind2=" ">
    <subfield code="a">  2018049769</subfield>
  </datafield>
  <datafield tag="015" ind1=" " ind2=" ">
    <subfield code="a">GBB912716</subfield>
    <subfield code="2">bnb</subfield>
  </datafield>
  <datafield tag="020" ind1=" " ind2=" ">
    <subfield code="a">9781350058132</subfield>
  </datafield>
  <datafield tag="024" ind1="7" ind2=" ">
    <subfield code="a">10.5040/9781350058170</subfield>
    <subfield code="2">doi</subfield>
  </datafield>
  <datafield tag="035" ind1=" " ind2=" ">
    <subfield code="a">on1057731257</subfield>
  </datafield>
  <datafield tag="037" ind1=" " ind2=" ">
    <subfield code="a">9781350058156</subfield>
    <subfield code="b">codeMantra</subfield>
  </datafield>
  <datafield tag="039" ind1=" " ind2=" ">
    <subfield code="a">exclude</subfield>
  </datafield>
  <datafield tag="040" ind1=" " ind2=" ">
    <subfield code="c">tbs</subfield>
  </datafield>
  <datafield tag="041" ind1=" " ind2=" ">
    <subfield code="a">English</subfield>
  </datafield>
  <datafield tag="042" ind1=" " ind2=" ">
    <subfield code="a">pcc</subfield>
  </datafield>
  <datafield tag="050" ind1="1" ind2="4">
    <subfield code="a">TT497</subfield>
    <subfield code="b">.G56 2019</subfield>
  </datafield>
  <datafield tag="245" ind1="0" ind2="0">
    <subfield code="a">Global perspectives on sustainable fashion </subfield>
    <subfield code="c">/ edited by Alison Gwilt, Alice Payne, and Evelise Anciet R&#xFC;thschilling.</subfield>
  </datafield>
  <datafield tag="264" ind1=" " ind2="1">
    <subfield code="a">London, UK ;</subfield>
    <subfield code="a">New York, NY :</subfield>
    <subfield code="b">Bloomsbury Visual Arts,</subfield>
    <subfield code="c">2019.</subfield>
  </datafield>
  <datafield tag="264" ind1=" " ind2="4">
    <subfield code="c">&#xA9;2019</subfield>
  </datafield>
  <datafield tag="300" ind1=" " ind2=" ">
    <subfield code="a">312 pages</subfield>
    <subfield code="b">25 colour illustrations and 115 black and white</subfield>
    <subfield code="c">246 x 189 mm</subfield>
  </datafield>
  <datafield tag="504" ind1=" " ind2=" ">
    <subfield code="a">Includes bibliographical references and index.</subfield>
  </datafield>
  <datafield tag="505" ind1="0" ind2=" ">
    <subfield code="a">The sunshine on a cloudy day : sustainable fashion in Brazil &#x2014; fashion activism : the impact of the fashion revolution movement in Brazil &#x2014; Ra&#xED;z Dise&#xF1;o : travel of a silent resistance &#x2014; production of wool fiber in Uruguay &#x2014; Independent fashion design in Argentina, is "sustainablewashing" a concern? &#x2014; sustainable fashion in Colombia : perspectives and scope &#x2014; Industry leadership toward sustainable fashion through user consumer engagement : North America &#x2014; pattern makers and garment makers, Midwest, Ohio, Cleveland &#x2014; Classing California's wool : from local to global networks &#x2014; preloved (Canada) &#x2014; Sustainable fashion in Canada : unpacking the spaces and practices of "Made in Canada" &#x2014; Pratt Institute/Brooklyn Fashion + Design Accelerator "Keeping the cart attached to the horse" &#x2014; Sustainability and garment longevity in the UK high street &#x2014; sustainable fashion in the Netherlands &#x2014; Sustainability in the textiles &amp; clothing fashion industry : an on-going study in Portugal &#x2014; VIGGA.us &#x2014; sharing baby clothes in a sustainable product-service system &#x2014; Setting out a journey towards sustainable luxury in Spain &#x2014; textile led sustainable innovation of surface coloration and patterning for sportswear &#x2014; Fashioning sustainability in Hong Kong and China &#x2014; self employed women's association (SEWA) in South Asia &#x2014; Collaborative consumption for small and medium-sized fashion enterprises in South Korea &#x2014; examples of sustainable fashion within Sri Lanka? &#x2014; Sustainable Anatolia : craft centered design in Turkey &#x2014; don't let fashion go to waste Hong Kong and China &#x2014; Sustainable fashion in Australia : raw fibre, fast fashion and new localism &#x2014; sustainable Australian indigenous fashion? &#x2014; Producing sustainable fashion : made in Vietnam &#x2014; Space Between : fashion activism in New Zealand &#x2014; Fashion practices in Cambodia : contrasting paradigms between the export apparel industry and small-medium enterprises in Cambodia? &#x2014; Rental Systems : wedding dresses from Korea and Thailand &#x2014; A case for design-led environmentally sustainable fashion design praxis in South Africa &#x2014; developing sustainable fashion in South Africa : sustainable cotton cluster &#x2014; Challenges facing the fashion industry from implementing sustainable product service systems in Botswana and Kenya &#x2014; designing sustainable indigenous fabric and attire for young women in Zimbabwe's tertiary institutions &#x2014; Sustainable fashion and the United Arab Emirates vision 2021 &#x2014; the continuation of culture.</subfield>
  </datafield>
  <datafield tag="520" ind1=" " ind2=" ">
    <subfield code="a">"Global Perspectives on Sustainable Fashion showcases the global fashion industry's efforts to reduce the negative impacts associated with fashion production and consumption. Illustrated throughout with infographics, photographs and diagrams of creative works, eighteen essays focus on six regions, examining sustainable fashion in the context of local, cultural and environmental concerns. Also included are 18 regional 'Spotlight' sections highlighting the differences and similarities across regions by concentrating on examples of best practice, design innovation and impact on the community"--Provided by publisher.</subfield>
  </datafield>
  <datafield tag="650" ind1=" " ind2="0">
    <subfield code="a">Clothing trade </subfield>
    <subfield code="x"> Environmental aspects</subfield>
    <subfield code="9">4710</subfield>
  </datafield>
  <datafield tag="650" ind1=" " ind2="0">
    <subfield code="a">Clothing trade </subfield>
    <subfield code="x"> Moral and ethical aspects</subfield>
    <subfield code="9">10809</subfield>
  </datafield>
  <datafield tag="650" ind1=" " ind2="0">
    <subfield code="a">Fashion design </subfield>
    <subfield code="x">Environmental aspects</subfield>
    <subfield code="9">4711</subfield>
  </datafield>
  <datafield tag="650" ind1=" " ind2="0">
    <subfield code="a">Clothing trade </subfield>
    <subfield code="x"> Environmental aspects</subfield>
    <subfield code="9">4710</subfield>
  </datafield>
  <datafield tag="700" ind1=" " ind2=" ">
    <subfield code="a">Gwilt, Alison,</subfield>
    <subfield code="e">editor.</subfield>
    <subfield code="9">26756</subfield>
  </datafield>
  <datafield tag="700" ind1=" " ind2=" ">
    <subfield code="a">Payne, Alice,</subfield>
    <subfield code="e">editor.</subfield>
    <subfield code="9">26754</subfield>
  </datafield>
  <datafield tag="700" ind1=" " ind2=" ">
    <subfield code="a">R&#xFC;thschilling, Evelise Anicet,</subfield>
    <subfield code="e">editor.</subfield>
    <subfield code="9">26757</subfield>
  </datafield>
  <datafield tag="758" ind1=" " ind2=" ">
    <subfield code="i">has work:</subfield>
    <subfield code="a">Global perspectives on sustainable fashion (Text)</subfield>
    <subfield code="1">https://id.oclc.org/worldcat/entity/E39PCFR8pCKGYwDtqVXBFbQgDm</subfield>
    <subfield code="4">https://id.oclc.org/worldcat/ontology/hasWork</subfield>
  </datafield>
  <datafield tag="942" ind1=" " ind2=" ">
    <subfield code="2">lcc</subfield>
  </datafield>
  <datafield tag="952" ind1=" " ind2=" ">
    <subfield code="0">0</subfield>
    <subfield code="1">0</subfield>
    <subfield code="2">lcc</subfield>
    <subfield code="4">0</subfield>
    <subfield code="7">0</subfield>
    <subfield code="a">TBS</subfield>
    <subfield code="b">TBS</subfield>
    <subfield code="d">2026-03-04</subfield>
    <subfield code="l">0</subfield>
    <subfield code="r">2026-03-04</subfield>
    <subfield code="t">1</subfield>
    <subfield code="w">2026-03-04</subfield>
    <subfield code="y">1</subfield>
    <subfield code="z">SOON AVAILABLE</subfield>
  </datafield>
  <datafield tag="999" ind1=" " ind2=" ">
    <subfield code="c">5368</subfield>
    <subfield code="d">5368</subfield>
  </datafield>
</record>
